Introduction to political theory (Record no. 3403)

MARC details
000 -LEADER
fixed length control field 00504cam a2200193ua 4500
001 - CONTROL NUMBER
control field 3564
005 - DATE AND TIME OF LATEST TRANSACTION
control field 20260515113711.0
008 - FIXED-LENGTH DATA ELEMENTS--GENERAL INFORMATION
fixed length control field 111121n ii |||gr||||Z||||||eng
040 ## - CATALOGING SOURCE
Transcribing agency MAIN
082 ## - DEWEY DECIMAL CLASSIFICATION NUMBER
Classification number 320.5
100 ## - MAIN ENTRY--PERSONAL NAME
Personal name Barua, Indrani,
Relator term Author.
245 11 - TITLE STATEMENT
Title Introduction to political theory
Statement of responsibility, etc. by Indrani Barua
250 ## - EDITION STATEMENT
Edition statement 1st.
260 ## - PUBLICATION, DISTRIBUTION, ETC.
Place of publication, distribution, etc. Guwahati:
Name of publisher, distributor, etc. Purbanchal Prakash,989.
300 ## - PHYSICAL DESCRIPTION
Extent 115p:
Dimensions 23cm.
653 ## - INDEX TERM--UNCONTROLLED
Uncontrolled term Political science
653 ## - INDEX TERM--UNCONTROLLED
Uncontrolled term Introduction to political theory
942 ## - ADDED ENTRY ELEMENTS (KOHA)
Koha item type Books
Holdings
Withdrawn status Lost status Damaged status Not for loan Home library Current library Shelving location Date acquired Total checkouts Full call number Barcode Date last seen Copy number Price effective from Koha item type
        Naharkatiya College Library Naharkatiya College Library General stacks 09/19/2020   320.5 | BAR 153 09/19/2020 1 09/19/2020 Books